Les Evangiles apocryphes ; suivis d'une notice sur les principaux livres apocryphes de l'ancien testament / (Record no. 53468)
[ view plain ]
| 000 -LEADER | |
|---|---|
| campo de control de longitud fija | 00773nam a2200205 i 4500 |
| 001 - NÚMERO DE CONTROL | |
| campo de control | 53468 |
| 003 - IDENTIFICADOR DE NÚMERO DE CONTROL | |
| campo de control | ES-MaACL |
| 005 - FECHA Y HORA DE LA ÚLTIMA TRANSACCIÓN | |
| campo de control | 20250927102626.0 |
| 007 - CAMPO FIJO DE DESCRIPCIÓN FÍSICA--INFORMACIÓN GENERAL | |
| campo de control de longitud fija | t| |
| 008 - DATOS DE LONGITUD FIJA--INFORMACIÓN GENERAL | |
| campo de control de longitud fija | 950929s1863 fr |||| | fre d |
| 245 04 - MENCIÓN DEL TÍTULO | |
| Título | Les Evangiles apocryphes ; suivis d'une notice sur les principaux livres apocryphes de l'ancien testament / |
| Mención de responsabilidad, etc. | traduits et annotés d'après l'édition de J. C. Thilo par Gustave Brunet. |
| 250 ## - MENCION DE EDICION | |
| Mención de edición | 2e éd. augm. |
| 260 ## - PUBLICACIÓN, DISTRIBUCIÓN, ETC. | |
| Lugar de publicación, distribución, etc. | Paris : |
| Nombre del editor, distribuidor, etc. | Albert L. Herold, |
| Fecha de publicación, distribución, etc. | 1863 ( |
| Lugar de fabricación/manufactura | Boulogne : |
| Fabricante | Jules Boyer) |
| 300 ## - DESCRIPCIÓN FÍSICA | |
| Extensión | [4], XVI, 378 p. ; |
| Dimensiones | 17 cm. |
| 700 1# - ENTRADA AGREGADA--NOMBRE PERSONAL | |
| Nombre de persona | Brunet, Pierre-Gustave, |
| Fechas asociadas al nombre | 1805-1896 |
| 9 (RLIN) | 32158 |
| 700 1# - ENTRADA AGREGADA--NOMBRE PERSONAL | |
| Nombre de persona | Thilo, Johann Carl ( |
| Fechas asociadas al nombre | 1794-1853) |
| 9 (RLIN) | 155692 |
| 730 02 - ASIENTO SECUNDARIO--TITULO UNIFORME | |
| Título uniforme | Biblia. |
| Nombre de parte o sección de la obra | Apócrifos. |
| 9 (RLIN) | 119280 |
| 852 ## - LOCALIZACIÓN | |
| Ubicación | ES-MaACL |
| Número de control de estantería | D-1535 |
| Estatus retirado | Estado de pérdida | Estado de daño | No para préstamo | Colección | Biblioteca de origen | Biblioteca actual | Ubicación en estantería | Fecha de adquisición | Fuente de adquisición | Total de préstamos | Signatura topográfica completa | Código de barras | Visto por última vez | Precio de reemplazo | Tipo de ítem Koha |
|---|---|---|---|---|---|---|---|---|---|---|---|---|---|---|---|
| Libros del s. XIX | Biblioteca del Ateneo de Madrid | Biblioteca del Ateneo de Madrid | Sala Valle Inclán | 17/01/2008 | D-1535 | 901056183 | 23/02/2023 | 23/02/2023 | Libro impreso antiguo |
